000 00653nam a2200241 a 4500
001 nice12345678
003 IN_TiNIC
005 20260116011848.0
008 050524s1912 lona grp 000 0 eng
020 _a
_c0
082 0 0 _a266
_bKEA
100 _aKeable, Robert
245 _aDarkness Or Light
_b Studies in the History of the Universities Mission to C
260 _aLondon
_bUniersities Mission to Central Africa
_c1912
300 _a320p
500 _aincludes index and biblioraphy
505 2 _aIndex, Map, Ill.
650 _aMissions-Central Africa
700 1 _aKeable, Robert
902 _bSRS
942 _cBK
999 _c4532
_d4532